00493nam a2200169Ia 4500003000400000008004100004040001600045082001700061100002600078245005800104700003300162260004400195300001000239490003800249650001500287650002100302GCL140319s9999 xx 000 0 ara d aGCL / cGCL04a616.97bاا1 aايجل، روبرت10aامراض الحساسية / cايجل، روبرت1 aاحمد امين الجمل a[S.N] : bدار الشروق ، c1983 a63 ص aدليل الجيب للصحةv004aامراض04aالحساسية